Introduction to Operations Research

Salvato in:
Dettagli Bibliografici
Autore principale: Churchman, C. West
Altri autori: Ackoff, Russell L., Arnoff, E. Leonard
Natura: Libro
Lingua:inglese
Pubblicazione: New York Wiley 1958
Edizione:3. ed.
Soggetti:
Tags: Aggiungi Tag
Nessun Tag, puoi essere il primo ad aggiungerne!!

MARC

LEADER 00000nam a2200000 4500
001 c001998
005 20221220103237.9
041 0 |a eng 
044 |a US 
245 1 0 |a Introduction to Operations Research  |c C. West Churchman, Russell L. Ackoff, E. Leonard Arnoff 
250 |a 3. ed. 
264 1 |a New York  |b Wiley  |c 1958 
300 |a 645 s. 
610 2 0 |a analýza operačná 
610 2 0 |a modely 
610 2 0 |a modely zásob 
610 2 0 |a modely alokačné 
610 2 0 |a teória obsluhy hromadnej 
610 2 0 |a substitúcia 
610 2 0 |a teória hier 
610 2 0 |a konkurencia 
610 2 0 |a testovanie hypotéz 
610 2 0 |a programovanie lineárne 
100 1 |a Churchman, C. West 
700 1 |a Ackoff, Russell L. 
700 1 |a Arnoff, E. Leonard